Score 0/31 Timer 03:00
0 Plays Today
Question Answer % Correct
20+33+22=75
89.3%
What year did Hurricane Katrina hit2005
82%
How many days are in a leap year366
81.3%
3:00 PM in Military time1500
80%
Best poker handroyal flush
78.6%
How many ounces make a pound16
74.7%
Number of minutes this quiz started with3
71.3%
US city with 2nd highest populationlos angeles
70.6%
Name of Apostle who betrayed Jesusjudas
68.8%
What does POW stand forprisoner of war
68.1%
Best selling cigarette brandmarlboro
66.1%
What year was sporcle founded2007
65.8%
Highest mountain in the worldmount everest
65.8%
How many sides on 2 pair of dice24
55.4%
Largest known animal in the worldblue whale
53.1%
The rapper Eminem's real namemarshall mathers
50.6%
Question Answer % Correct
How many nickles make $4.5090
47.8%
Most expensive property in monopolyboard walk
47.6%
Capital of Mississippijackson
46.5%
Board game that contains Mrs whiteclue
46%
Inventor of the cotton gineli whitney
42.4%
Name of Apostle who denied jesuspeter
35.5%
The creator of the show Seinfeldlarry david
34.2%
Most common blood typeO positive
32.3%
Youngest heavyweight boxing championmike tyson
27.8%
NFL all time leader in rushing yardsemmitt smith
27.3%
NFL all time leader in passing yardsbrett favre
24.8%
How many grams are in an ounce28
16.9%
New host of Family Fued as of Jan 2010steve harvey
16.9%
MVP of Superbowl 44drew brees
13.9%
JJ evans of Good Times catch phrasedynomite
10.5%
Remove Ads.
Support Sporcle.
Get the best of Sporcle when you Go Orange. This ad-free experience offers more features, more stats, and more fun while also helping to support Sporcle. Thank you for becoming a member.

You're not logged in!

Compare scores with friends on all Sporcle quizzes.
OR
Log In

Show Comments

Extras

Created Oct 24, 2010ReportNominate
Tags:Giving, test

Top Quizzes Today


Score Distribution

Your Account Isn't Verified!

In order to create a playlist on Sporcle, you need to verify the email address you used during registration. Go to your Sporcle Settings to finish the process.

Report this User

Report this user for behavior that violates our Community Guidelines.

Details: